| 000 | 00514nam a2200181Ia 4500 | ||
|---|---|---|---|
| 008 | 230718s9999 xx 000 0 und d | ||
| 020 | _a9788126531875 | ||
| 041 | _aeng | ||
| 082 |
_a697 _bMCQ |
||
| 100 |
_aMcQuiston F.C. _9199662 |
||
| 245 |
_aHeating, Ventilating And Air Conditioning _bAnalysis And Design |
||
| 250 | _a6th ed. | ||
| 260 |
_c2014 _bWiley |
||
| 300 | _a623 | ||
| 365 |
_cRs. _b599.00 |
||
| 700 |
_aMcQuiston F.C. _9199662 |
||
| 906 |
_dO:0361414-Oct-2016B:SE/SI/340503-Oct-2016 _cMECH _b161.73 |
||
| 999 |
_c343611 _d343611 |
||